[Event "23rd EUR-ch"]
[Site "Vrnjacka Banja SRB"]
[Date "2023.03.05"]
[Round "3.166"]
[White "Krstic, Milos"]
[Black "Kollars, Dmitrij"]
[Result "0-1"]
[WhiteElo "2198"]
[BlackElo "2618"]
[EventDate "2023.03.03"]
[PlyCount "94"]

1.e4 e5 2.Nf3 Nc6 3.Bc4 Nf6 4.d3 Be7 5.O-O O-O 6.Re1 d6 7.c3 Na5 8.Bb5 a6 
9.Ba4 c5 10.Nbd2 b5 11.Bc2 Nc6 12.Nf1 Be6 13.Ng3 h6 14.h3 Re8 15.Nh2 d5 
16.Qf3 Qd7 17.Nhf1 d4 18.Nf5 Kh7 19.g4 Ng8 20.Nxe7 Ngxe7 21.Ng3 Rad8 22.
Nf5 f6 23.Rd1 Nxf5 24.gxf5 Bf7 25.Kh2 Re7 26.Rg1 Qe8 27.Qg3 Qf8 28.Bd2 
dxc3 29.bxc3 b4 30.Rg2 bxc3 31.Bxc3 Nd4 32.Bxd4 Rxd4 33.Bb3 Red7 34.Be6 
Rxd3 35.Qg4 Re7 36.Rb1 Bxe6 37.fxe6 Rd6 38.Qf5+ Kh8 39.Rc1 Qc8 40.f4 Rdxe6
41.Rd2 Rc6 42.Qg6 exf4 43.Rcd1 Re8 44.Rd7 Rg8 45.R1d5 Qe8 46.Qf5 Qb8 47.
Qg6 Rb6 0-1

[Event "23rd EUR-ch"]
[Site "Vrnjacka Banja SRB"]
[Date "2023.03.05"]
[Round "3.167"]
[White "Bashirov, Kemal"]
[Black "Ivic, Velimir"]
[Result "0-1"]
[WhiteElo "2188"]
[BlackElo "2606"]
[EventDate "2023.03.03"]
[PlyCount "94"]

1.e4 c5 2.Nf3 Nc6 3.Bb5 e6 4.O-O Nge7 5.d4 cxd4 6.Nxd4 Qb6 7.Nxc6 bxc6 8.
Bd3 Ng6 9.Nd2 Be7 10.Nf3 e5 11.c4 O-O 12.Rb1 a5 13.Bc2 d6 14.Be3 Qc7 15.c5
dxc5 16.Bd3 Rd8 17.Qc2 Bg4 18.Be2 Nf4 19.Bxf4 exf4 20.Rfd1 g6 21.Qc3 Bd6 
22.h4 Bxf3 23.Bxf3 Qe7 24.Rbc1 a4 25.b3 axb3 26.axb3 Be5 27.Rxd8+ Rxd8 28.
Qxc5 Rd6 29.Qc4 Kg7 30.b4 Rd2 31.Rd1 Qd6 32.Rxd2 Qxd2 33.b5 Bd4 34.Qe2 
Qc1+ 35.Kh2 cxb5 36.e5 Qc5 37.e6 fxe6 38.Qxe6 Bxf2 39.Qd7+ Kh6 40.Qd2 Bg3+
41.Kh1 Qf2 42.Qc1 b4 43.Bd5 Qd4 44.Bg8 Qd3 45.Ba2 b3 46.Bb1 Qe3 47.Qd1 b2 
0-1

[Event "23rd EUR-ch"]
[Site "Vrnjacka Banja SRB"]
[Date "2023.03.05"]
[Round "3.168"]
[White "Sokolovsky, Yahli"]
[Black "Levitan, Ronit"]
[Result "1-0"]
[WhiteElo "2476"]
[BlackElo "2185"]
[EventDate "2023.03.03"]
[PlyCount "77"]

1.e4 e5 2.Nf3 Nc6 3.Bb5 a6 4.Ba4 Nf6 5.d3 d6 6.c4 g6 7.Nc3 Bg7 8.h3 O-O 9.
O-O Nd4 10.Nxd4 exd4 11.Ne2 Nd7 12.b4 a5 13.Bxd7 Bxd7 14.b5 f5 15.exf5 
Rxf5 16.Ng3 Rf7 17.Ne4 h6 18.a4 b6 19.Bd2 Be6 20.Qe2 Qd7 21.Rfe1 Re8 22.
Rac1 Kh7 23.f3 Rfe7 24.Qf2 Bf5 25.Qh4 Re5 26.Bxh6 Kg8 27.Bxg7 Kxg7 28.Rf1 
Qf7 29.Ng5 Qg8 30.Qxd4 Kh6 31.Qh4+ Kg7 32.Qd4 Kh6 33.Ne4 Bxe4 34.fxe4 Qe6 
35.Rf4 g5 36.Rf2 Kg6 37.Rcf1 Rh8 38.Rf5 g4 39.Qf2 1-0

[Event "23rd EUR-ch"]
[Site "Vrnjacka Banja SRB"]
[Date "2023.03.05"]
[Round "3.169"]
[White "Alonso Garcia, Aaron"]
[Black "Onslow, Alfie"]
[Result "1-0"]
[WhiteElo "2437"]
[BlackElo "2174"]
[EventDate "2023.03.03"]
[PlyCount "73"]

1.e4 c6 2.d4 d5 3.e5 Bf5 4.h4 h5 5.Bd3 Bxd3 6.Qxd3 Qa5+ 7.Nd2 e6 8.Nf3 Qa6
9.c4 Ne7 10.O-O Nf5 11.b3 Be7 12.a4 Qa5 13.Ba3 Bxa3 14.Rxa3 Na6 15.Rb1 Qb4
16.Raa1 Qe7 17.g3 Nb4 18.Qc3 a5 19.c5 O-O-O 20.Re1 Rdg8 21.Ng5 Qd7 22.Kh2 
f6 23.exf6 gxf6 24.Nxe6 Rg4 25.Re2 Rhg8 26.Nf3 Re4 27.Nf4 Rge8 28.Rae1 
R8e7 29.Nd2 Rxe2 30.Rxe2 Rxe2 31.Nxe2 Qe6 32.Qf3 Nc2 33.Qxh5 Ncxd4 34.Nxd4
Nxd4 35.Qh8+ Kc7 36.Qh7+ Kb8 37.Qd3 1-0

[Event "23rd EUR-ch"]
[Site "Vrnjacka Banja SRB"]
[Date "2023.03.05"]
[Round "3.170"]
[White "Pousada Garcia, Daniel"]
[Black "Hagner, Bennet"]
[Result "0-1"]
[WhiteElo "2050"]
[BlackElo "2361"]
[EventDate "2023.03.03"]
[PlyCount "72"]

1.e4 c5 2.Nf3 d6 3.d4 cxd4 4.Qxd4 Nf6 5.c4 Nc6 6.Qd3 Bg4 7.Be2 g6 8.Nc3 
Bg7 9.O-O Nd7 10.Be3 Rc8 11.b3 Bxf3 12.gxf3 O-O 13.Rac1 Nc5 14.Qd2 Ne6 15.
Rfd1 Ned4 16.Nb5 e5 17.Nxd4 Nxd4 18.f4 f5 19.fxe5 dxe5 20.f4 Rc7 21.Bxd4 
Rd7 22.Bb6 Rxd2 23.Bxd8 Rxe2 24.Be7 Re8 25.Rd7 exf4 26.Rxb7 fxe4 27.c5 f3 
28.c6 Bd4+ 29.Kh1 f2 30.Bb4 Rc2 31.Rf1 e3 32.c7 e2 33.Rxf2 e1=Q+ 34.Bxe1 
Rxe1+ 35.Kg2 Rxf2+ 36.Kg3 Rg1+ 0-1

[Event "23rd EUR-ch"]
[Site "Vrnjacka Banja SRB"]
[Date "2023.03.05"]
[Round "3.171"]
[White "Filip, Lucian-Ioan"]
[Black "Manukian, Sargis A."]
[Result "1/2-1/2"]
[WhiteElo "2349"]
[BlackElo "2163"]
[EventDate "2023.03.03"]
[PlyCount "45"]

1.d4 d5 2.c4 e6 3.Nf3 Nf6 4.g3 Be7 5.Bg2 O-O 6.O-O dxc4 7.Qc2 a6 8.a4 c5 
9.dxc5 Bxc5 10.Qxc4 Nbd7 11.Qb3 e5 12.Bg5 Re8 13.Nc3 h6 14.Bxf6 Nxf6 15.
Rad1 Qa5 16.Nd2 Be6 17.Qc2 Qc7 18.Nde4 Nxe4 19.Qxe4 Bd4 20.Qxb7 Qxb7 21.
Bxb7 Ra7 22.Bd5 Bg4 23.Rd2 1/2-1/2

[Event "23rd EUR-ch"]
[Site "Vrnjacka Banja SRB"]
[Date "2023.03.05"]
[Round "3.172"]
[White "Bashirli, Nail"]
[Black "Gramb, Marius"]
[Result "1-0"]
[WhiteElo "2343"]
[BlackElo "2159"]
[EventDate "2023.03.03"]
[PlyCount "151"]

1.e4 c6 2.Nc3 d5 3.d4 dxe4 4.Nxe4 Bf5 5.Ng3 Bg6 6.h4 h6 7.Nf3 Nd7 8.h5 Bh7
9.Bd3 Bxd3 10.Qxd3 e6 11.Bd2 Ngf6 12.O-O-O Be7 13.Kb1 O-O 14.Ne4 c5 15.
Nxf6+ Bxf6 16.Be3 Qc7 17.d5 exd5 18.Qxd5 Rfd8 19.c3 Rac8 20.Qf5 Qc6 21.Rd5
Qe6 22.Qxe6 fxe6 23.Rd2 Kf7 24.Rhd1 Ke8 25.Kc2 b6 26.Bf4 c4 27.Re2 Nc5 28.
Rxd8+ Rxd8 29.Nd2 b5 30.Be3 Nd3 31.Ne4 Be7 32.b3 cxb3+ 33.axb3 a6 34.g3 
Ne5 35.Bd4 Ng4 36.Bxg7 Kf7 37.Bd4 b4 38.f3 bxc3 39.Bb6 Rb8 40.Ba7 Rb7 41.
Bd4 Rd7 42.Bxc3 Nf6 43.Bxf6 Bxf6 44.Rd2 Rc7+ 45.Kd3 Be7 46.Ra2 Rb7 47.Rxa6
Rxb3+ 48.Ke2 Rb5 49.g4 Rb3 50.Ra7 Kf8 51.Rc7 Ra3 52.Rc3 Ra4 53.Rc2 Kf7 54.
Nf2 Bg5 55.Ne4 Be7 56.Kf2 Bh4+ 57.Kg2 Be7 58.Re2 Ra3 59.f4 Rb3 60.Nd2 Rc3 
61.Nf3 Rb3 62.Nd4 Rb6 63.Nf3 Rb3 64.Rd2 Rb4 65.Ne5+ Kf6 66.Kf3 Rb3+ 67.Rd3
Rb1 68.Ke4 Re1+ 69.Re3 Rd1 70.Nf3 Bc5 71.g5+ hxg5 72.fxg5+ Ke7 73.Rb3 Rd7 
74.h6 Bd6 75.h7 Rd8 76.Rb7+ 1-0

[Event "23rd EUR-ch"]
[Site "Vrnjacka Banja SRB"]
[Date "2023.03.05"]
[Round "3.173"]
[White "Sitbon, Itay"]
[Black "Sahakian, Aleks"]
[Result "1/2-1/2"]
[WhiteElo "2144"]
[BlackElo "2343"]
[EventDate "2023.03.03"]
[PlyCount "106"]

1.d4 Nf6 2.c4 g6 3.Nc3 Bg7 4.e4 d6 5.h3 O-O 6.Bg5 c5 7.d5 e6 8.Bd3 exd5 9.
cxd5 Re8 10.Nge2 Qc7 11.O-O c4 12.Bc2 Nbd7 13.Nd4 Nc5 14.Ndb5 Qb6 15.a4 a6
16.a5 Qd8 17.Na3 Qxa5 18.Nxc4 Qc7 19.e5 dxe5 20.d6 Qc6 21.Bxf6 Bxf6 22.Nd5
Bd8 23.b4 Nd7 24.Bb3 b5 25.Na3 Bb7 26.Qf3 Qxd6 27.Rfd1 e4 28.Nc7 exf3 29.
Rxd6 Bxc7 30.Rxd7 Rec8 31.Rxf7 Kh8 32.gxf3 Bc6 33.Rc1 Bd6 34.Be6 Bd7 35.
Rxc8+ Bxc8 36.Bd5 Rb8 37.Nc2 Bxh3 38.f4 Rc8 39.Be4 Be6 40.Rf6 Re8 41.Nd4 
Bc4 42.Rxd6 Rxe4 43.f5 Rg4+ 44.Kh2 gxf5 45.Nxf5 Rg6 46.Rxg6 hxg6 47.Ng3 
Kg7 48.f4 Kf6 49.Kg2 Ke6 50.Kf2 Kd6 51.Ke1 Be6 52.Kd2 Kc6 53.Kc3 Kb6 
1/2-1/2

[Event "23rd EUR-ch"]
[Site "Vrnjacka Banja SRB"]
[Date "2023.03.05"]
[Round "3.174"]
[White "Van Foreest, Machteld"]
[Black "Bauer, Thomas"]
[Result "1-0"]
[WhiteElo "2341"]
[BlackElo "2151"]
[EventDate "2023.03.03"]
[PlyCount "63"]

1.e4 c5 2.Nf3 d6 3.d4 cxd4 4.Nxd4 e5 5.Bb5+ Nd7 6.Nf5 a6 7.Bxd7+ Qxd7 8.
Nc3 Nf6 9.Bg5 Nxe4 10.Nxg7+ Bxg7 11.Nxe4 O-O 12.Qxd6 f6 13.Be3 Qg4 14.f3 
Qxg2 15.O-O-O Qxf3 16.Qd5+ Kh8 17.Bc5 Bf5 18.Bxf8 Rxf8 19.Rde1 Rc8 20.Qxb7
Qg2 21.c3 Bh6+ 22.Kb1 Be3 23.Ka1 Qxe4 24.Qxa6 Ra8 25.Qxf6+ Kg8 26.Rhg1+ 
Bg6 27.Qe6+ Kf8 28.Rg3 Bf7 29.Rgxe3 Qh4 30.Qd6+ Kg7 31.Rg3+ Kh8 32.Qxe5+ 
1-0

[Event "23rd EUR-ch"]
[Site "Vrnjacka Banja SRB"]
[Date "2023.03.05"]
[Round "3.175"]
[White "Sukovic, Andrej"]
[Black "Nilssen, Ellen Fredericia"]
[Result "1-0"]
[WhiteElo "2322"]
[BlackElo "2144"]
[EventDate "2023.03.03"]
[PlyCount "53"]

1.e4 c5 2.Ne2 d6 3.g3 Nf6 4.Bg2 g6 5.O-O Bg7 6.c3 O-O 7.d4 cxd4 8.cxd4 e5 
9.Nbc3 Nc6 10.d5 Ne7 11.Kh1 Nh5 12.f4 f5 13.fxe5 Bxe5 14.Bh6 Ng7 15.Bf4 
Bxf4 16.Nxf4 fxe4 17.Nxe4 Nef5 18.Qd2 Qb6 19.Rae1 Bd7 20.Ne6 Nxe6 21.dxe6 
Bc6 22.e7 Rf7 23.g4 Nh4 24.Rxf7 Kxf7 25.Qf4+ Kg8 26.Nf6+ Kg7 27.e8=N+ 1-0

[Event "23rd EUR-ch"]
[Site "Vrnjacka Banja SRB"]
[Date "2023.03.05"]
[Round "3.176"]
[White "Marcetic, Nikola"]
[Black "Bashylina, Luisa"]
[Result "1/2-1/2"]
[WhiteElo "2309"]
[BlackElo "2127"]
[EventDate "2023.03.03"]
[PlyCount "52"]

1.d4 Nf6 2.Bg5 g6 3.Bxf6 exf6 4.e3 d5 5.c4 dxc4 6.Bxc4 Bd6 7.Nc3 c6 8.Nge2
Nd7 9.e4 b5 10.Bb3 b4 11.Na4 O-O 12.f4 c5 13.e5 Be7 14.O-O cxd4 15.Bd5 Rb8
16.Nxd4 Nxe5 17.Qb3 Bd7 18.fxe5 Bxa4 19.Qxa4 Qxd5 20.Nc6 Bc5+ 21.Kh1 Rbc8 
22.Rxf6 Rc7 23.Rd1 Qe4 24.a3 Rd7 25.Rff1 Rxd1 26.Rxd1 a5 1/2-1/2

[Event "23rd EUR-ch"]
[Site "Vrnjacka Banja SRB"]
[Date "2023.03.05"]
[Round "3.177"]
[White "Denishev, Marat"]
[Black "Krunic, Dusan"]
[Result "1-0"]
[WhiteElo "2303"]
[BlackElo "2116"]
[EventDate "2023.03.03"]
[PlyCount "69"]

1.d4 d5 2.Nf3 Nf6 3.c4 e6 4.g3 Bb4+ 5.Bd2 Be7 6.Bg2 O-O 7.Qc2 c6 8.O-O b6 
9.b3 Nbd7 10.Bf4 Ba6 11.Nbd2 Nh5 12.Be3 Rc8 13.Rac1 f5 14.Ne1 g5 15.f3 f4 
16.gxf4 gxf4 17.Bf2 Bh4 18.Bh3 Bxf2+ 19.Rxf2 Rf6 20.Rg2+ Kh8 21.Nd3 Qe7 
22.Bg4 Ng7 23.Nf1 Nf5 24.Nxf4 Nxd4 25.Qd2 e5 26.Nh5 Rg6 27.cxd5 Bxe2 28.
Qe3 Rf8 29.Nd2 Ba6 30.dxc6 Nc5 31.Nc4 Nxc6 32.b4 Nxb4 33.Nxe5 Nc6 34.Nxg6+
hxg6 35.Qh6+ 1-0

[Event "23rd EUR-ch"]
[Site "Vrnjacka Banja SRB"]
[Date "2023.03.05"]
[Round "3.178"]
[White "Ivanovic, Marko"]
[Black "Janjic, Stefan"]
[Result "1-0"]
[WhiteElo "2302"]
[BlackElo "2115"]
[EventDate "2023.03.03"]
[PlyCount "153"]

1.e4 e6 2.d4 d5 3.Nc3 Nf6 4.e5 Nfd7 5.f4 c5 6.Nf3 Nc6 7.Be3 cxd4 8.Nxd4 
Bc5 9.Qd2 O-O 10.O-O-O Bxd4 11.Bxd4 Qa5 12.Qe3 Rb8 13.Bd3 Nxd4 14.Qxd4 Qc5
15.Nb5 a6 16.Qxc5 Nxc5 17.Nd4 f6 18.g3 fxe5 19.fxe5 Bd7 20.Rhf1 Rbc8 21.
Kd2 g6 22.b3 Rxf1 23.Rxf1 Rf8 24.Rxf8+ Kxf8 25.a4 Ke7 26.Ke3 Be8 27.h4 h6 
28.Nf3 a5 29.Kd4 b6 30.g4 Kf8 31.g5 hxg5 32.hxg5 Kg7 33.Ke3 Kf8 34.Nd4 Ke7
35.c3 Kf7 36.Bc2 Nd7 37.Nf3 Nb8 38.b4 axb4 39.cxb4 Nc6 40.b5 Na5 41.Kd4 
Nc4 42.Bb3 Na5 43.Ba2 Ke7 44.Nd2 Bf7 45.Bb1 Kf8 46.Bd3 Ke7 47.Kc3 Ke8 48.
Kb4 Ke7 49.Nf3 Kf8 50.Nd4 Ke7 51.Ne2 Kf8 52.Nf4 Kg7 53.Be2 Kf8 54.Bf1 Nb7 
55.Bd3 Kg7 56.Ne2 Nc5 57.Bc2 Nd7 58.a5 bxa5+ 59.Kxa5 Nxe5 60.Nd4 Nc4+ 61.
Ka6 e5 62.Nf3 Be8 63.b6 Bc6 64.Bb3 d4 65.Bxc4 Bxf3 66.b7 Bxb7+ 67.Kxb7 e4 
68.Kc6 d3 69.Kd5 d2 70.Be2 e3 71.Ke4 Kf7 72.Kxe3 Ke6 73.Ke4 Kd6 74.Bg4 Ke7
75.Ke5 Kf7 76.Kd6 Kg7 77.Ke7 1-0

[Event "23rd EUR-ch"]
[Site "Vrnjacka Banja SRB"]
[Date "2023.03.05"]
[Round "3.179"]
[White "Lazic, Emanuel"]
[Black "Skvortsov, Andrei"]
[Result "1/2-1/2"]
[WhiteElo "2041"]
[BlackElo "2298"]
[EventDate "2023.03.03"]
[PlyCount "117"]

1.e4 c5 2.Nf3 d6 3.d4 cxd4 4.Nxd4 Nf6 5.Nc3 Nc6 6.f3 e5 7.Nb3 Be6 8.Be3 d5
9.exd5 Nxd5 10.Nxd5 Bxd5 11.Qd2 Bb4 12.c3 Be7 13.Nc5 Bh4+ 14.Bf2 Bxf2+ 15.
Qxf2 Qe7 16.Bd3 b6 17.Nb3 Rd8 18.Be4 O-O 19.O-O f5 20.Bxd5+ Rxd5 21.Qe2 
Rfd8 22.Rad1 Qe6 23.Rxd5 Qxd5 24.Re1 g6 25.Qe3 Kg7 26.Re2 Qd3 27.Qxd3 Rxd3
28.Rd2 Rd8 29.Rxd8 Nxd8 30.Kf2 Kf6 31.a4 Nb7 32.Ke3 Ke6 33.Kd3 Kd5 34.c4+ 
Kc6 35.f4 exf4 36.Nd4+ Kd7 37.b4 a5 38.Nc2 axb4 39.Nxb4 Nc5+ 40.Kd4 Kd6 
41.Nd5 Nxa4 42.Nxb6 Nxb6 43.c5+ Kc6 44.cxb6 Kxb6 45.Ke5 f3 46.gxf3 Kc5 47.
h4 Kc4 48.h5 Kd3 49.h6 Ke3 50.Kf6 Kxf3 51.Kg7 g5 52.Kxh7 g4 53.Kg6 g3 54.
h7 g2 55.h8=Q g1=Q+ 56.Kxf5 Qb1+ 57.Ke6 Qe4+ 58.Qe5 Qxe5+ 59.Kxe5 1/2-1/2

[Event "23rd EUR-ch"]
[Site "Vrnjacka Banja SRB"]
[Date "2023.03.05"]
[Round "3.180"]
[White "Panic, Nenad"]
[Black "Hamiti, Gani"]
[Result "1-0"]
[WhiteElo "2295"]
[BlackElo "2112"]
[EventDate "2023.03.03"]
[PlyCount "95"]

1.c4 e5 2.g3 Nc6 3.Bg2 Nf6 4.Nc3 Bb4 5.Nd5 O-O 6.a3 Bc5 7.b4 Bd4 8.Rb1 d6 
9.e3 Bb6 10.Ne2 Nxd5 11.cxd5 Ne7 12.O-O Bf5 13.d3 Qd7 14.Qb3 Ng6 15.Bd2 
Bh3 16.f3 Bxg2 17.Kxg2 f5 18.a4 f4 19.exf4 exf4 20.Nxf4 Nxf4+ 21.Bxf4 a5 
22.b5 Rae8 23.Rbe1 Rxe1 24.Rxe1 Qf5 25.h4 h6 26.d4 Bxd4 27.Re4 Bc5 28.Bc1 
Qd7 29.Bb2 Rf7 30.Bc3 b6 31.Qd1 Re7 32.Qe2 Rxe4 33.Qxe4 Qf7 34.g4 Bb4 35.
Bd4 Bd2 36.Kg3 g5 37.h5 Bf4+ 38.Kf2 Kf8 39.Ke2 Bc1 40.Kd3 Ba3 41.Kc4 Bc5 
42.Bb2 Bb4 43.Ba1 Bc5 44.Bc3 Bf2 45.Qg6 Qf4+ 46.Kb3 Qxf3 47.Qxh6+ Ke8 48.
Qe6+ 1-0

[Event "23rd EUR-ch"]
[Site "Vrnjacka Banja SRB"]
[Date "2023.03.05"]
[Round "3.181"]
[White "Alexakis, Dimitrios"]
[Black "Ozsac, Samet Harun"]
[Result "0-1"]
[WhiteElo "2024"]
[BlackElo "2293"]
[EventDate "2023.03.03"]
[PlyCount "34"]

1.e4 c5 2.Nf3 Nc6 3.d4 cxd4 4.Nxd4 Qb6 5.Nb3 Nf6 6.Nc3 e6 7.Be3 Qc7 8.a3 
Be7 9.Be2 d6 10.O-O a6 11.f4 b5 12.Qe1 O-O 13.Qg3 Nd7 14.Nd4 Bb7 15.Rad1 
Bf6 16.Ndxb5 axb5 17.Nxb5 Qb8 0-1

[Event "23rd EUR-ch"]
[Site "Vrnjacka Banja SRB"]
[Date "2023.03.05"]
[Round "3.182"]
[White "Krasteva, Beloslava"]
[Black "Korkmaz, Necmettin"]
[Result "0-1"]
[WhiteElo "2292"]
[BlackElo "2106"]
[EventDate "2023.03.03"]
[PlyCount "86"]

1.d4 d5 2.Nf3 Nf6 3.Bf4 e6 4.e3 c5 5.c3 Bd6 6.Nbd2 O-O 7.Ne5 Qc7 8.Bd3 
Nbd7 9.Ndf3 c4 10.Bc2 b5 11.O-O Bb7 12.Re1 a5 13.Nxd7 Nxd7 14.Bxd6 Qxd6 
15.e4 dxe4 16.Bxe4 Bd5 17.Re3 Nf6 18.Nd2 Rfe8 19.Qe2 Qc6 20.Bf3 Rab8 21.
Rc1 Qd6 22.Ne4 Bxe4 23.Bxe4 Kf8 24.Bc2 b4 25.Qxc4 bxc3 26.bxc3 Rec8 27.Qe2
Nd5 28.Rg3 Nxc3 29.Qg4 Qxd4 30.Re1 Qxg4 31.Rxg4 Ne2+ 32.Kf1 Rxc2 33.Rxe2 
Rb1+ 34.Re1 Rbb2 35.Rf4 Rxa2 36.g3 g5 37.Rf3 Kg7 38.Re5 Kg6 39.h4 h6 40.
h5+ Kg7 41.Re4 a4 42.Kg2 Rc5 43.g4 Ra5 0-1

[Event "23rd EUR-ch"]
[Site "Vrnjacka Banja SRB"]
[Date "2023.03.05"]
[Round "3.183"]
[White "Andreev, Stanislav"]
[Black "Kisic, Bozidar"]
[Result "1-0"]
[WhiteElo "2016"]
[BlackElo "2283"]
[EventDate "2023.03.03"]
[PlyCount "79"]

1.d4 d5 2.c4 dxc4 3.Nf3 c6 4.g3 g6 5.Bg2 Bg7 6.O-O b5 7.a4 Bb7 8.Ne5 f6 9.
Ng4 a6 10.axb5 axb5 11.Rxa8 Bxa8 12.Nc3 Na6 13.h4 h5 14.Ne3 e6 15.b3 b4 
16.Na4 Ne7 17.Nxc4 Nc7 18.Nc5 Ned5 19.Qd3 Kf7 20.e4 Nc3 21.Qf3 N7b5 22.
Ne5+ Kg8 23.Nxe6 Qe8 24.Nxg6 Qxg6 25.Qd3 Nd6 26.Re1 f5 27.exf5 Qxf5 28.Qa6
Bb7 29.Qa7 Bf8 30.Ng5 Rh6 31.Bh3 Qc2 32.Bf4 Rf6 33.Bf1 Rxf4 34.gxf4 Qd2 
35.Re6 Qxf4 36.Rg6+ Kh8 37.Ne6 Qf7 38.Nxf8 Qxf8 39.Qc5 Nd5 40.Qxd6 1-0

[Event "23rd EUR-ch"]
[Site "Vrnjacka Banja SRB"]
[Date "2023.03.05"]
[Round "3.184"]
[White "Sertbay, Huseyin"]
[Black "Kristoferitsch, Daniel"]
[Result "1/2-1/2"]
[WhiteElo "2016"]
[BlackElo "2282"]
[EventDate "2023.03.03"]
[PlyCount "74"]

1.d4 Nf6 2.Nf3 d5 3.c4 e6 4.Nc3 dxc4 5.e3 a6 6.a4 b6 7.Bxc4 Bb7 8.O-O Nbd7
9.Qe2 Bb4 10.Rd1 O-O 11.Bd3 Bd6 12.e4 e5 13.Bc4 Qe7 14.d5 Nh5 15.g3 g6 16.
Bh6 Ng7 17.Ng5 Nf6 18.Rf1 Bc8 19.Rae1 Ng4 20.Bxg7 Kxg7 21.Nf3 h5 22.Kg2 
Rh8 23.h3 Nh6 24.h4 f6 25.Rh1 Nf7 26.Nd2 Qd7 27.Bb3 Bb4 28.Rc1 Rf8 29.Na2 
Bc5 30.Bd1 a5 31.Nb3 Be7 32.Nc3 Nd6 33.Nb5 Nxb5 34.Qxb5 Bd6 35.Nd2 Qe8 36.
Nc4 Bc5 37.Ne3 Bd7 1/2-1/2

[Event "23rd EUR-ch"]
[Site "Vrnjacka Banja SRB"]
[Date "2023.03.05"]
[Round "3.185"]
[White "Rahmanidis, Petros"]
[Black "Lauda, Alexandr"]
[Result "1-0"]
[WhiteElo "2278"]
[BlackElo "2084"]
[EventDate "2023.03.03"]
[PlyCount "101"]

1.e4 c5 2.Nf3 Nc6 3.d4 cxd4 4.Nxd4 e5 5.Nb5 d6 6.c4 Be6 7.Bd3 Be7 8.O-O 
Nf6 9.N5c3 O-O 10.Nd5 Nd7 11.Nxe7+ Qxe7 12.Nc3 Nc5 13.Be3 Rfc8 14.b3 a5 
15.Re1 h6 16.Rb1 Ra6 17.Be2 Qf6 18.f3 Qd8 19.Qd2 f5 20.Rbd1 f4 21.Bf2 Ne7 
22.Nb5 Rcc6 23.Qc3 Qb8 24.Nxd6 Rxd6 25.Bxc5 Rxd1 26.Rxd1 Ng6 27.Qd2 Ra8 
28.Bb6 Qf8 29.Qd8 a4 30.b4 Rc8 31.Qxc8 Qxc8 32.Rd8+ Qxd8 33.Bxd8 a3 34.b5 
Nf8 35.Bc7 Nd7 36.Kf2 Kf7 37.Ke1 Kf6 38.Kd2 Nc5 39.Kc3 Bf7 40.Bd6 Ne6 41.
Bxa3 Nd4 42.Bd1 g5 43.Bc5 Ne6 44.Bf2 Ke7 45.a4 Kd6 46.Kb4 Kc7 47.c5 g4 48.
Bb3 Ng5 49.Bxf7 gxf3 50.gxf3 Nxf3 51.h4 1-0

[Event "23rd EUR-ch"]
[Site "Vrnjacka Banja SRB"]
[Date "2023.03.05"]
[Round "3.186"]
[White "Martic, Ivan"]
[Black "Kostic, Milutin B."]
[Result "1-0"]
[WhiteElo "2274"]
[BlackElo "2049"]
[EventDate "2023.03.03"]
[PlyCount "101"]

1.e4 c6 2.d4 d5 3.e5 Bf5 4.h4 h5 5.Bd3 Bxd3 6.Qxd3 e6 7.Bg5 Be7 8.Nf3 Nh6 
9.Nbd2 Nf5 10.g3 Qb6 11.Bxe7 Nxe7 12.c4 Nd7 13.O-O Qa6 14.b3 Nf5 15.Rfe1 
Rd8 16.a4 O-O 17.Qc2 Qb6 18.Qd3 Qa6 19.Qc3 c5 20.cxd5 cxd4 21.Nxd4 Nxd4 
22.Qxd4 exd5 23.Nf3 Nb8 24.Ng5 Rfe8 25.e6 fxe6 26.Qd1 Nd7 27.Qxh5 Nf8 28.
Qf7+ Kh8 29.Re5 Qd6 30.Qh5+ Kg8 31.Qf7+ Kh8 32.Qh5+ Kg8 33.Nf7 Qd7 34.Nxd8
Qxd8 35.Rd1 Re7 36.Qg5 Qe8 37.Qg4 Nd7 38.Re2 Nf6 39.Qd4 b6 40.Rc1 e5 41.
Qb4 Rd7 42.Rec2 Ne4 43.Rc8 Rd8 44.Rxd8 Qxd8 45.Qb5 Kh7 46.Qe2 Qf6 47.Qh5+ 
Qh6 48.Qf5+ Qg6 49.Qxe5 Nf6 50.Qg5 Qe8 51.Qf5+ 1-0

[Event "23rd EUR-ch"]
[Site "Vrnjacka Banja SRB"]
[Date "2023.03.05"]
[Round "3.187"]
[White "Ozsakallioglu, Okan"]
[Black "Oliinyk, Serafim"]
[Result "1/2-1/2"]
[WhiteElo "2264"]
[BlackElo "2042"]
[EventDate "2023.03.03"]
[PlyCount "44"]

1.e4 e5 2.Nf3 Nc6 3.Bb5 Nge7 4.c3 a6 5.Ba4 g6 6.d4 exd4 7.cxd4 b5 8.Bb3 
Bg7 9.d5 Na5 10.Bd2 Nxb3 11.Qxb3 d6 12.Bc3 O-O 13.O-O c5 14.dxc6 Be6 15.
Qa3 Bxc3 16.Qxc3 Rc8 17.Nd4 Nxc6 18.Nxc6 Qe8 19.Rc1 Bd7 20.Qa3 Rxc6 21.
Rxc6 Bxc6 22.Nc3 Qe5 1/2-1/2

[Event "23rd EUR-ch"]
[Site "Vrnjacka Banja SRB"]
[Date "2023.03.05"]
[Round "3.188"]
[White "Bozinovic, Boban"]
[Black "Stojanovic, Andjelija"]
[Result "1/2-1/2"]
[WhiteElo "1931"]
[BlackElo "2262"]
[EventDate "2023.03.03"]
[PlyCount "25"]

1.e4 e5 2.Nf3 Nc6 3.d4 exd4 4.Nxd4 Bc5 5.Nxc6 Qf6 6.Qf3 dxc6 7.Nc3 Be6 8.
Bd3 Ne7 9.Be3 Bb6 10.a3 O-O-O 11.Qxf6 gxf6 12.Bxb6 axb6 13.f4 1/2-1/2

[Event "23rd EUR-ch"]
[Site "Vrnjacka Banja SRB"]
[Date "2023.03.05"]
[Round "3.189"]
[White "Bozanic, Jovan"]
[Black "Parligras, Cosmin"]
[Result "1/2-1/2"]
[WhiteElo "1934"]
[BlackElo "2260"]
[EventDate "2023.03.03"]
[PlyCount "38"]

1.Nf3 d5 2.g3 c6 3.Bg2 Bg4 4.O-O Nd7 5.h3 Bh5 6.d3 e5 7.e4 dxe4 8.dxe4 
Ngf6 9.Re1 Be7 10.Nbd2 O-O 11.Nc4 Qc7 12.Bg5 Rfe8 13.c3 h6 14.Bxf6 Bxf6 
15.Qd6 Rac8 16.Rad1 Nb6 17.Qxc7 Rxc7 18.Nxb6 Bxf3 19.Bxf3 axb6 1/2-1/2

[Event "23rd EUR-ch"]
[Site "Vrnjacka Banja SRB"]
[Date "2023.03.05"]
[Round "3.190"]
[White "Bouska, Jiri"]
[Black "Gusev, Mikhail"]
[Result "1/2-1/2"]
[WhiteElo "2257"]
[BlackElo "2039"]
[EventDate "2023.03.03"]
[PlyCount "102"]

1.e4 c5 2.Nf3 e6 3.b3 Nc6 4.Bb2 a6 5.g3 d6 6.Bg2 Nf6 7.Qe2 e5 8.O-O Be7 9.
c3 O-O 10.d4 Bg4 11.d5 Nb8 12.h3 Bh5 13.Nbd2 Nbd7 14.g4 Bg6 15.Nh4 Ne8 16.
Nf5 Bxf5 17.exf5 g6 18.Ne4 Ng7 19.f4 exf4 20.Rxf4 Nf6 21.fxg6 hxg6 22.c4 
Nxe4 23.Qxe4 Bg5 24.Rf3 Qa5 25.Bc3 Qc7 26.Qe1 Rae8 27.Qg3 Qe7 28.Re1 Qd8 
29.Rxe8 Rxe8 30.Qf2 Qe7 31.Kh1 Bh4 32.Qb2 f5 33.Bxg7 Qxg7 34.Qxg7+ Kxg7 
35.gxf5 gxf5 36.Rxf5 Re2 37.a3 Re3 38.b4 b6 39.bxc5 bxc5 40.Rf4 Bf6 41.Rf3
Rxf3 42.Bxf3 Kh6 43.Kg2 Kg5 44.Kf2 Bb2 45.a4 a5 46.Ke3 Bd4+ 47.Ke4 Bf2 48.
Bd1 Be1 49.Bc2 Bf2 50.Kf3 Be1 51.Bd3 Bh4 1/2-1/2

[Event "23rd EUR-ch"]
[Site "Vrnjacka Banja SRB"]
[Date "2023.03.05"]
[Round "3.191"]
[White "Sredojevic, Ivan"]
[Black "Butolo, Alexandru-Mircea"]
[Result "0-1"]
[WhiteElo "2255"]
[BlackElo "2027"]
[EventDate "2023.03.03"]
[PlyCount "74"]

1.e4 c5 2.c3 d5 3.exd5 Nf6 4.Nf3 Nxd5 5.g3 g6 6.Bg2 Bg7 7.O-O O-O 8.d4 
cxd4 9.Nxd4 a6 10.Qf3 e5 11.Nb3 Ne7 12.Bg5 Qc7 13.N1d2 Nbc6 14.Bf6 Bf5 15.
Bxg7 Kxg7 16.g4 Be6 17.Ne4 Nd5 18.Ng5 Nf4 19.Nxe6+ Nxe6 20.Qe3 f6 21.Rad1 
Rad8 22.Nc5 Qe7 23.Nxa6 Rxd1 24.Rxd1 Rd8 25.Re1 Qd6 26.Bxc6 Qxc6 27.Nb4 
Qc4 28.Qf3 Ng5 29.Qg3 Rd2 30.h4 Ne6 31.b3 Qc5 32.Qe3 Qd6 33.Re2 Rd1+ 34.
Re1 Nf4 35.c4 Qd7 36.f3 Qd4 37.Kh2 Qb2+ 0-1

[Event "23rd EUR-ch"]
[Site "Vrnjacka Banja SRB"]
[Date "2023.03.05"]
[Round "3.192"]
[White "Toktomushev, Teimur"]
[Black "Banov, Boil"]
[Result "1-0"]
[WhiteElo "2255"]
[BlackElo "2016"]
[EventDate "2023.03.03"]
[PlyCount "73"]

1.d4 Nf6 2.c4 e6 3.Nf3 b6 4.g3 Bb7 5.Bg2 Bb4+ 6.Bd2 Qe7 7.O-O O-O 8.a3 
Bxd2 9.Qxd2 d6 10.Qc2 Be4 11.Qb3 c5 12.Nc3 Bb7 13.d5 exd5 14.cxd5 Nbd7 15.
Nd2 Rfe8 16.e4 Rac8 17.Rfe1 Ng4 18.f4 c4 19.Qc2 Qf6 20.Nf3 h5 21.h3 Nh6 
22.Rad1 Qg6 23.Kh2 Nc5 24.Re2 a6 25.Nh4 Qf6 26.Na4 Nd7 27.Rf1 b5 28.Nc3 g6
29.e5 Qg7 30.e6 Nc5 31.f5 gxf5 32.Nxf5 Nxf5 33.Qxf5 fxe6 34.Qxh5 Rf8 35.
Rxf8+ Rxf8 36.dxe6 Bxg2 37.e7 1-0

[Event "23rd EUR-ch"]
[Site "Vrnjacka Banja SRB"]
[Date "2023.03.05"]
[Round "3.193"]
[White "Yonal, Timur"]
[Black "Khandelwal, Ankush"]
[Result "1-0"]
[WhiteElo "1859"]
[BlackElo "2255"]
[EventDate "2023.03.03"]
[PlyCount "61"]

1.e4 c5 2.Ne2 d6 3.g3 g6 4.Bg2 Bg7 5.c3 Nf6 6.d4 O-O 7.O-O e5 8.h3 exd4 9.
cxd4 cxd4 10.Nxd4 d5 11.exd5 Nxd5 12.Nb5 a6 13.N5c3 Nb6 14.Na3 Nc6 15.Be3 
Nd4 16.Qd2 Bxh3 17.Rad1 Bxg2 18.Kxg2 Nf5 19.Bc5 Qc7 20.Bxf8 Rxf8 21.Nd5 
Nxd5 22.Qxd5 Bxb2 23.Nc4 Bf6 24.Nd6 Nxd6 25.Qxd6 Qxd6 26.Rxd6 Kg7 27.Rb1 
Rd8 28.Rxd8 Bxd8 29.Rxb7 h5 30.Rd7 Bf6 31.Ra7 1-0